00627caa a22001212a 4500001000900000003001100009008004300020100002700063245010800090300001600198500017700214773011400391 009023 AR-FADEU 311216n########xxu####################dd aUngar Bleir, Elisabeth aEl impacto de la crisis de la representatividad sobre el funcionamiento y la legitimidad del parlamento aPP. 121-134 aEn: Representación política y democracia /comp. Carlota Jackisch. Buenos Aires : Ciedla. Centro Interdisciplinario de Estudios Sobre el Desarrollo Latinoamericano, 19980 014818abdBuenos Aireso14264tREPRESENTACION política y democraciaw( AR-FADEU) 009018xz950-9431-72-9